| 000 -LEADER |
| fixed length control field |
01006cam a2200265 a 4500 |
| 001 - CONTROL NUMBER |
| control field |
15431 |
| 003 - CONTROL NUMBER IDENTIFIER |
| control field |
BD-DhUAP |
| 005 - DATE AND TIME OF LATEST TRANSACTION |
| control field |
20200315151027.0 |
| 008 - FIXED-LENGTH DATA ELEMENTS--GENERAL INFORMATION |
| fixed length control field |
200315s1986 nyub b 000 0 eng |
| 020 ## - INTERNATIONAL STANDARD BOOK NUMBER |
| International Standard Book Number |
0521317592 |
| 020 ## - INTERNATIONAL STANDARD BOOK NUMBER |
| International Standard Book Number |
0521317606 |
| 040 ## - CATALOGING SOURCE |
| Original cataloging agency |
DLC |
| Transcribing agency |
DLC |
| Language of cataloging |
Eng |
| Modifying agency |
BD-DhUAP |
| 082 ## - DEWEY DECIMAL CLASSIFICATION NUMBER |
| Edition number |
23 |
| Classification number |
428.4 GRE |
| 100 ## - MAIN ENTRY--PERSONAL NAME |
| Personal name |
Greenall, Simon. |
| 245 00 - TITLE STATEMENT |
| Title |
Effective reading : |
| Remainder of title |
reading skills for advanced students / |
| Statement of responsibility, etc. |
Simon Greenall and Michael Swan. |
| 260 ## - PUBLICATION, DISTRIBUTION, ETC. |
| Place of publication, distribution, etc. |
New York : |
| Name of publisher, distributor, etc. |
Cambridge University Press, |
| Date of publication, distribution, etc. |
c1986 [Reprinted 2001]. |
| 300 ## - PHYSICAL DESCRIPTION |
| Extent |
vii, 213 pages : |
| Other physical details |
illustrations ; |
| Dimensions |
27 cm. |
| 520 ## - SUMMARY, ETC. |
| Summary, etc. |
Contributed articles published under the Cultural Survey of Bangladesh Project; covers the period, 3rd century B.C. to 20th century; includes very briefly non-Bengali literature also. |
| 546 ## - LANGUAGE NOTE |
| Language note |
In English; includes passages in Bengali. |
| 650 ## - SUBJECT ADDED ENTRY--TOPICAL TERM |
| Topical term or geographic name entry element |
English language. |
| 650 ## - SUBJECT ADDED ENTRY--TOPICAL TERM |
| Topical term or geographic name entry element |
Reading. |
| 650 ## - SUBJECT ADDED ENTRY--TOPICAL TERM |
| Topical term or geographic name entry element |
English language |
| Geographic subdivision |
Study and teaching. |
| 700 ## - ADDED ENTRY--PERSONAL NAME |
| Personal name |
Swan, Michael. |
| 942 ## - ADDED ENTRY ELEMENTS (KOHA) |
| Source of classification or shelving scheme |
|
| Koha item type |
Book |